000 nam a22 7a 4500
999 _c9667
_d9667
008 180206b ||||| |||| 00| 0 eng d
100 _aGupta,S.P.
_95784
245 _aWork Book Our Pasts-1(Hisyory)-VI
260 _aNew Delhi
_bArya
_c2007